<?xml version="1.0" encoding="UTF-8"?>
<record
    xmlns:xsi="http://www.w3.org/2001/XMLSchema-instance"
    xsi:schemaLocation="http://www.loc.gov/MARC21/slim http://www.loc.gov/standards/marcxml/schema/MARC21slim.xsd"
    xmlns="http://www.loc.gov/MARC21/slim">

  <leader>00606nam a22001937a 4500</leader>
  <controlfield tag="003">OSt</controlfield>
  <controlfield tag="005">20260616130149.0</controlfield>
  <controlfield tag="008">260616b        |||||||| |||| 00| 0 eng d</controlfield>
  <datafield tag="020" ind1=" " ind2=" ">
    <subfield code="a">9789383166572</subfield>
  </datafield>
  <datafield tag="082" ind1=" " ind2=" ">
    <subfield code="a">307.760954</subfield>
    <subfield code="b">St8S</subfield>
  </datafield>
  <datafield tag="100" ind1=" " ind2=" ">
    <subfield code="a">Strumpell, Christian </subfield>
  </datafield>
  <datafield tag="245" ind1=" " ind2=" ">
    <subfield code="a">Steel town adivasis</subfield>
    <subfield code="b">: industry and inequality in Eastern India </subfield>
    <subfield code="c">by Christian Strumpell </subfield>
  </datafield>
  <datafield tag="260" ind1=" " ind2=" ">
    <subfield code="a">New Delhi </subfield>
    <subfield code="b">Esha Beteille </subfield>
    <subfield code="c">2023 </subfield>
  </datafield>
  <datafield tag="546" ind1=" " ind2=" ">
    <subfield code="a">English </subfield>
  </datafield>
  <datafield tag="650" ind1=" " ind2=" ">
    <subfield code="2">Cities and towns&#x2014;India&#x2014;Rourkela </subfield>
  </datafield>
  <datafield tag="650" ind1=" " ind2=" ">
    <subfield code="2">Indigenous peoples&#x2014;India&#x2014;Rourkela </subfield>
  </datafield>
  <datafield tag="650" ind1=" " ind2=" ">
    <subfield code="2">Social classes&#x2014;India</subfield>
  </datafield>
  <datafield tag="942" ind1=" " ind2=" ">
    <subfield code="2">ddc</subfield>
    <subfield code="c">BK</subfield>
  </datafield>
  <datafield tag="999" ind1=" " ind2=" ">
    <subfield code="c">29575</subfield>
    <subfield code="d">29575</subfield>
  </datafield>
  <datafield tag="952" ind1=" " ind2=" ">
    <subfield code="0">0</subfield>
    <subfield code="1">0</subfield>
    <subfield code="2">ddc</subfield>
    <subfield code="4">0</subfield>
    <subfield code="7">0</subfield>
    <subfield code="8">TXB</subfield>
    <subfield code="a">CURAJ</subfield>
    <subfield code="b">CURAJ</subfield>
    <subfield code="c">ENG</subfield>
    <subfield code="d">2026-06-16</subfield>
    <subfield code="e">Technical Bureau </subfield>
    <subfield code="g">1375.00</subfield>
    <subfield code="i">3791/ 27.02.2026</subfield>
    <subfield code="l">0</subfield>
    <subfield code="o">307.760954 St8S</subfield>
    <subfield code="p">049671</subfield>
    <subfield code="r">2026-06-16</subfield>
    <subfield code="w">2026-06-16</subfield>
    <subfield code="y">BK</subfield>
  </datafield>
  <datafield tag="952" ind1=" " ind2=" ">
    <subfield code="0">0</subfield>
    <subfield code="1">0</subfield>
    <subfield code="2">ddc</subfield>
    <subfield code="4">0</subfield>
    <subfield code="7">0</subfield>
    <subfield code="8">TXB</subfield>
    <subfield code="a">CURAJ</subfield>
    <subfield code="b">CURAJ</subfield>
    <subfield code="c">ENG</subfield>
    <subfield code="d">2026-06-16</subfield>
    <subfield code="e">Technical Bureau </subfield>
    <subfield code="g">1375.00</subfield>
    <subfield code="i">3791/ 27.02.2026</subfield>
    <subfield code="l">0</subfield>
    <subfield code="o">307.760954 St8S</subfield>
    <subfield code="p">049672</subfield>
    <subfield code="r">2026-06-16</subfield>
    <subfield code="w">2026-06-16</subfield>
    <subfield code="y">BK</subfield>
  </datafield>
</record>
